| 000 | 01073cab a22002175a 4500 | ||
|---|---|---|---|
| 001 | L138037 | ||
| 008 | 070514e2005 xxk f 000 0 eng d | ||
| 035 | _a(Sirsi) u138037 | ||
| 041 | 0 | _aeng | |
| 100 | 1 | _aEllison, Louise | |
| 245 | 0 | 0 |
_aSustainability and property investment _bquantifying the unquantifiable |
| 260 | _c2007 | ||
| 490 | 0 |
_aProperty Forecast _vApril 2007, 5-6(2) |
|
| 520 | _aReports that the avoidance of quantifying the impacts of sustainability stores up problems for the future. Discusses the market view, regulation, the establishment of methods in forecasting and social responsibility. Claims that the introduction of energy performance certificates will provide an important opportunity for understanding how the occupier markets are likely to respond to sustainability issues. | ||
| 590 | _aKA | ||
| 650 | 2 | 4 | _aENERGY PERFORMANCE CERTIFICATES |
| 651 | 4 |
_aEngland and Wales _y1543- |
|
| 690 | _aPROPERTY-PROPERTY FINANCE AND INVESTMENT | ||
| 690 | _aENVIRONMENTAL AND LAND CONSULTANCY-SUSTAINABILITY-SUSTAINABLE DEVELOPMENT | ||
| 942 | _n0 | ||
| 999 |
_c78775 _d78775 |
||